<?xml version="1.0" encoding="UTF-8"?>
<record
    xmlns:xsi="http://www.w3.org/2001/XMLSchema-instance"
    xsi:schemaLocation="http://www.loc.gov/MARC21/slim http://www.loc.gov/standards/marcxml/schema/MARC21slim.xsd"
    xmlns="http://www.loc.gov/MARC21/slim">

  <leader>006760000a22002050004500</leader>
  <datafield tag="020" ind1=" " ind2=" ">
    <subfield code="a">84-301-0908-0</subfield>
  </datafield>
  <datafield tag="041" ind1="0" ind2=" ">
    <subfield code="a">SPA</subfield>
  </datafield>
  <datafield tag="082" ind1="0" ind2="4">
    <subfield code="a">G 808.86 B714s</subfield>
  </datafield>
  <datafield tag="100" ind1="1" ind2=" ">
    <subfield code="a">Bonhoeffer, Dietrich (1906-1945)</subfield>
  </datafield>
  <datafield tag="245" ind1="1" ind2="0">
    <subfield code="a">Resistencia y sumisi&#xF3;n : Cartas y apuntes desde el cautiverio / Dietrich Bonhoeffer; Eberhard Bethge, Editor, Jos&#xE9; Alemany, Traductor</subfield>
  </datafield>
  <datafield tag="260" ind1=" " ind2=" ">
    <subfield code="a">Salamanca, Espa&#xF1;a : S&#xED;gueme</subfield>
  </datafield>
  <datafield tag="300" ind1=" " ind2=" ">
    <subfield code="a">299 Pag</subfield>
  </datafield>
  <datafield tag="440" ind1=" " ind2="0">
    <subfield code="a">Col. El Peso de los D&#xED;as; No. 18</subfield>
  </datafield>
  <datafield tag="500" ind1=" " ind2=" ">
    <subfield code="a">T&#xED;tulo original : Widerstand und ergebung</subfield>
  </datafield>
  <controlfield tag="001">10957</controlfield>
  <datafield tag="942" ind1=" " ind2=" ">
    <subfield code="c">BK</subfield>
  </datafield>
  <datafield tag="952" ind1=" " ind2=" ">
    <subfield code="0">0</subfield>
    <subfield code="1">0</subfield>
    <subfield code="4">0</subfield>
    <subfield code="7">0</subfield>
    <subfield code="8">GEN</subfield>
    <subfield code="a">FUSBC</subfield>
    <subfield code="b">FUSBC</subfield>
    <subfield code="d">2005-01-25</subfield>
    <subfield code="l">3</subfield>
    <subfield code="m">3</subfield>
    <subfield code="o">G 808.86 B714s </subfield>
    <subfield code="p">10147</subfield>
    <subfield code="r">2026-03-24 14:52:37</subfield>
    <subfield code="s">2026-01-16</subfield>
    <subfield code="t">1</subfield>
    <subfield code="w">2016-01-26</subfield>
    <subfield code="y">BK</subfield>
    <subfield code="B">0</subfield>
    <subfield code="C">3</subfield>
  </datafield>
  <datafield tag="999" ind1=" " ind2=" ">
    <subfield code="c">40342</subfield>
    <subfield code="d">40342</subfield>
  </datafield>
  <datafield tag="336" ind1=" " ind2=" ">
    <subfield code="a">texto</subfield>
    <subfield code="b">txt</subfield>
    <subfield code="2">rdacontent</subfield>
  </datafield>
  <datafield tag="337" ind1=" " ind2=" ">
    <subfield code="2">rdamedia</subfield>
    <subfield code="a">sin mediaci&#xF3;n</subfield>
    <subfield code="b">n</subfield>
  </datafield>
  <datafield tag="338" ind1=" " ind2=" ">
    <subfield code="2">rdacarrier</subfield>
    <subfield code="a">volumen</subfield>
    <subfield code="b">nc</subfield>
  </datafield>
</record>
